000 00325 a2200109 4500
001 ART_8023
005 20260410161639.0
008 260409a
245 1 0 _aTributación de la actividad financiera
100 1 _aCalcagno, Gabriel A
773 0 _tConsultor tributario
_g- Vol. 2, Nº 22 (dic. 2008)
_wREV474
999 _c13139
_d13139